[Event "DSJ Weihnachtsturnier U16: Steinitz 2020"]
[Site ""]
[Date "2020.12.28"]
[Round "3"]
[White "Farokhi, Keyvan"]
[Black "Colbow, Collin"]
[Result "1-0"]
[Termination "normal"]
[Board "1.1"]
[BlackTitle "FM"]
[WhiteElo "2059"]
[BlackElo "2339"]
[WhiteTeam "SK Doppelbauer Kiel"]
[BlackTeam "SV Werder Bremen"]
[PlyCount "99"]
[WhiteFideId "12998630"]
[BlackFideId "16201132"]
[EventRounds "7"]
[EventType "team-swiss"]
[EventDate "2020.12.28"]

1. e4 {[%emt 0:00:09]} c5 {[%emt 0:00:03]} 2. Nf3 {[%emt 0:00:02]} d6 {[%emt
0:00:01]} 3. c3 {[%emt 0:00:04]} Nf6 {[%emt 0:00:04]} 4. Bd3 {[%emt 0:00:02]}
Nc6 {[%emt 0:00:12]} 5. O-O {[%emt 0:00:07]} Bg4 {[%emt 0:00:07]} 6. h3 {[%emt
0:00:06]} Bh5 {[%emt 0:00:57]} 7. Bc2 {[%emt 0:00:31]} Ne5 {[%emt 0:01:33]} 8.
Ba4+ {[%emt 0:00:20]} Nfd7 {[%emt 0:01:03]} 9. Nxe5 {[%emt 0:00:35]} Bxd1 {
[%emt 0:00:27]} 10. Bxd7+ {[%emt 0:00:03]} Qxd7 {[%emt 0:00:01]} 11. Nxd7 {
[%emt 0:00:02]} Bc2 {[%emt 0:00:41]} 12. Nxf8 {[%emt 0:00:11]} Rxf8 {[%emt
0:00:19]} 13. Re1 {[%emt 0:00:07]} Rb8 {[%emt 0:00:30]} 14. d4 {[%emt 0:00:18]}
cxd4 {[%emt 0:00:07]} 15. cxd4 {[%emt 0:00:03]} f5 {[%emt 0:00:10]} 16. e5 {
[%emt 0:00:06]} Kd7 {[%emt 0:00:08]} 17. Nc3 {[%emt 0:00:07]} f4 {[%emt
0:00:09]} 18. exd6 {[%emt 0:00:25]} exd6 {[%emt 0:00:03]} 19. f3 {[%emt
0:00:25]} g5 {[%emt 0:00:17]} 20. Bd2 {[%emt 0:00:16]} Rbc8 {[%emt 0:00:11]}
21. Rac1 { [%emt 0:00:07]} Bf5 {[%emt 0:00:05]} 22. Kf2 {[%emt 0:00:21]} Rc4
{[%emt 0:00:37]} 23. Ne2 {[%emt 0:00:29]} Ra4 {[%emt 0:00:16]} 24. a3 {[%emt
0:00:10]} Re8 {[%emt 0:00:13]} 25. Bc3 {[%emt 0:00:27]} Re3 {[%emt 0:00:15]}
26. Ng1 { [%emt 0:00:20]} Rd3 {[%emt 0:00:03]} 27. Rcd1 {[%emt 0:00:07]} Rxd1
{[%emt 0:00:14]} 28. Rxd1 {[%emt 0:00:00]} a5 {[%emt 0:00:06]} 29. d5 {[%emt
0:01:05]} Rc4 {[%emt 0:00:41]} 30. Rd2 {[%emt 0:00:24]} b6 {[%emt 0:00:18]} 31.
Ne2 { [%emt 0:00:02]} Bg6 {[%emt 0:00:14]} 32. Rd4 {[%emt 0:00:10]} Rc5 {[%emt
0:00:07]} 33. h4 {[%emt 0:00:06]} h6 {[%emt 0:00:06]} 34. hxg5 {[%emt 0:00:04]}
hxg5 {[%emt 0:00:00]} 35. g3 {[%emt 0:00:10]} fxg3+ {[%emt 0:00:00]} 36. Kxg3 {
[%emt 0:00:02]} Bf7 {[%emt 0:00:01]} 37. f4 {[%emt 0:00:13]} Bxd5 {[%emt
0:00:08]} 38. b4 {[%emt 0:00:18]} gxf4+ {[%emt 0:00:20]} 39. Kxf4 {[%emt
0:00:02]} Rc4 {[%emt 0:00:12]} 40. Ke3 {[%emt 0:00:39]} axb4 {[%emt 0:00:09]}
41. Bxb4 { [%emt 0:00:12]} Kc6 {[%emt 0:00:04]} 42. Rxc4+ {[%emt 0:00:07]} Bxc4
{[%emt 0:00:00]} 43. Nc3 {[%emt 0:00:00]} b5 {[%emt 0:00:06]} 44. Kd4 {[%emt
0:00:04]} Bb3 {[%emt 0:00:01]} 45. Ne4 {[%emt 0:00:12]} d5 {[%emt 0:00:03]} 46.
Nd2 { [%emt 0:00:02]} Ba4 {[%emt 0:00:01]} 47. Ke5 {[%emt 0:00:01]} Bc2 {[%emt
0:00:02]} 48. Nf3 {[%emt 0:00:01]} Bb3 {[%emt 0:00:02]} 49. Nd4+ {[%emt
0:00:02]} Kb6 {[%emt 0:00:03]} 50. Nxb3 {[%emt 0:00:00]} 1-0

[Event "DSJ Weihnachtsturnier U16: Steinitz 2020"]
[Site ""]
[Date "2020.12.28"]
[Round "3"]
[White "Helms, Finn"]
[Black "Rempe, Jonas"]
[Result "0-1"]
[Termination "normal"]
[Board "1.2"]
[WhiteElo "1934"]
[BlackElo "1957"]
[WhiteTeam "SV Werder Bremen"]
[BlackTeam "SK Doppelbauer Kiel"]
[PlyCount "138"]
[WhiteFideId "16249143"]
[BlackFideId "16202406"]
[EventRounds "7"]
[EventType "team-swiss"]
[EventDate "2020.12.28"]

1. e4 {[%emt 0:00:07]} e5 {[%emt 0:00:02]} 2. Nf3 {[%emt 0:00:02]} Nc6 { [%emt
0:00:02]} 3. Bc4 {[%emt 0:00:02]} Nf6 {[%emt 0:00:03]} 4. d3 {[%emt 0:00:02]}
Be7 {[%emt 0:00:01] Restarted W (13.22) Restarted B (13.20e) OK OK Kiel2-002
reconnected. Werder2-002 reconnected.} 5. O-O {[%emt 0:04:19]} O-O { [%emt
0:00:02]} 6. c3 {[%emt 0:00:13]} d6 {[%emt 0:00:01]} 7. b4 {[%emt 0:00:04]} Be6
{[%emt 0:00:11]} 8. Nbd2 {[%emt 0:00:07]} h6 {[%emt 0:02:03]} 9. Qb3 { [%emt
0:00:20]} Qd7 {[%emt 0:00:10]} 10. Bxe6 {[%emt 0:00:18]} fxe6 {[%emt 0:00:02]}
11. Nc4 {[%emt 0:00:04]} b5 {[%emt 0:00:33]} 12. Ne3 {[%emt 0:00:17]} d5 {[%emt
0:00:04]} 13. exd5 {[%emt 0:00:19]} exd5 {[%emt 0:00:00]} 14. Re1 { [%emt
0:00:01]} Kh8 {[%emt 0:00:21]} 15. Nh4 {[%emt 0:00:28]} Kh7 {[%emt 0:00:04]}
16. Nhf5 {[%emt 0:00:18]} d4 {[%emt 0:00:43]} 17. Nxe7 {[%emt 0:00:22]} Nxe7
{[%emt 0:00:11]} 18. cxd4 {[%emt 0:00:06]} exd4 {[%emt 0:00:03]} 19. Nc2 {
[%emt 0:00:14]} Nf5 {[%emt 0:00:16]} 20. Bb2 {[%emt 0:00:10]} Rae8 {[%emt
0:00:06]} 21. a4 {[%emt 0:01:06]} a6 {[%emt 0:00:34]} 22. axb5 {[%emt 0:00:13]}
axb5 {[%emt 0:00:00]} 23. Rxe8 {[%emt 0:00:17]} Rxe8 {[%emt 0:00:02]} 24. Re1 {
[%emt 0:00:02]} Rxe1+ {[%emt 0:00:13]} 25. Nxe1 {[%emt 0:00:00]} Qe7 {[%emt
0:00:01]} 26. Nf3 {[%emt 0:00:06]} Qe2 {[%emt 0:00:11]} 27. h3 {[%emt 0:00:09]}
Nh5 {[%emt 0:01:23]} 28. Nxd4 {[%emt 0:00:19]} Qe1+ {[%emt 0:00:04]} 29. Kh2 {
[%emt 0:00:05]} Qe5+ {[%emt 0:00:01]} 30. g3 {[%emt 0:00:02]} Nxd4 {[%emt
0:00:01]} 31. Qd1 {[%emt 0:00:18]} Nf6 {[%emt 0:00:37]} 32. Qa1 {[%emt
0:00:06]} Nf3+ {[%emt 0:00:05]} 33. Kg2 {[%emt 0:00:02]} Qd5 {[%emt 0:00:02]}
34. Bxf6 { [%emt 0:00:08]} Nh4+ {[%emt 0:00:19]} 35. Kf1 {[%emt 0:00:06]} Qh1+
{[%emt 0:00:01]} 36. Ke2 {[%emt 0:00:03]} Qf3+ {[%emt 0:00:04]} 37. Ke1 {[%emt
0:00:02]} Ng2+ {[%emt 0:00:06]} 38. Kf1 {[%emt 0:00:01]} gxf6 {[%emt 0:00:05]}
39. Qc1 { [%emt 0:00:07]} c6 {[%emt 0:00:28]} 40. Qe1 {[%emt 0:00:03]} Nxe1
{[%emt 0:00:02]} 41. Kxe1 {[%emt 0:00:02]} Qxd3 {[%emt 0:00:02]} 42. f4 {[%emt
0:00:03]} Qc4 {[%emt 0:00:01]} 43. Kf2 {[%emt 0:00:02]} Qxb4 {[%emt 0:00:01]}
44. Ke3 { [%emt 0:00:02]} Qc3+ {[%emt 0:00:01]} 45. Ke4 {[%emt 0:00:01]} Qxg3
{[%emt 0:00:01]} 46. Kf5 {[%emt 0:00:00]} Qxh3+ {[%emt 0:00:01]} 47. Kxf6
{[%emt 0:00:01]} Qh4+ {[%emt 0:00:02]} 48. Ke5 {[%emt 0:00:02]} Qxf4+ {[%emt
0:00:01]} 49. Kxf4 {[%emt 0:00:01]} b4 {[%emt 0:00:00]} 50. Ke3 {[%emt
0:00:01]} h5 {[%emt 0:00:01]} 51. Kd4 {[%emt 0:00:02]} h4 {[%emt 0:00:00]} 52.
Kc4 {[%emt 0:00:01]} h3 {[%emt 0:00:01]} 53. Kxb4 {[%emt 0:00:00]} h2 {[%emt
0:00:00]} 54. Kc5 { [%emt 0:00:00]} h1=Q {[%emt 0:00:01]} 55. Kd4 {[%emt
0:00:02]} Qh4+ {[%emt 0:00:03]} 56. Kc5 {[%emt 0:00:01]} Qf4 {[%emt 0:00:02]}
57. Kxc6 {[%emt 0:00:01]} Qe5 {[%emt 0:00:01]} 58. Kd7 {[%emt 0:00:01]} Qf6
{[%emt 0:00:01]} 59. Ke8 { [%emt 0:00:02]} Qg7 {[%emt 0:00:01]} 60. Kd8 {[%emt
0:00:01]} Qf7 {[%emt 0:00:01]} 61. Kc8 {[%emt 0:00:01]} Qe7 {[%emt 0:00:01]}
62. Kb8 {[%emt 0:00:01]} Qd7 {[%emt 0:00:01]} 63. Ka8 {[%emt 0:00:02]} Kg6
{[%emt 0:00:01]} 64. Kb8 { [%emt 0:00:01]} Kf6 {[%emt 0:00:01]} 65. Ka8 {[%emt
0:00:00]} Ke6 {[%emt 0:00:01]} 66. Kb8 {[%emt 0:00:00]} Kd6 {[%emt 0:00:01]}
67. Ka8 {[%emt 0:00:00]} Kc6 {[%emt 0:00:01]} 68. Kb8 {[%emt 0:00:00]} Kb6
{[%emt 0:00:01]} 69. Ka8 { [%emt 0:00:00]} Qd8# {[%emt 0:00:01]} 0-1

[Event "DSJ Weihnachtsturnier U16: Steinitz 2020"]
[Site ""]
[Date "2020.12.28"]
[Round "3"]
[White "Pfeffer, Samuel"]
[Black "Woltmann, Peter"]
[Result "1-0"]
[Termination "normal"]
[Board "1.4"]
[WhiteElo "1487"]
[BlackElo "1556"]
[WhiteTeam "SV Werder Bremen"]
[BlackTeam "SK Doppelbauer Kiel"]
[PlyCount "39"]
[WhiteFideId "16249160"]
[BlackFideId "16269349"]
[EventRounds "7"]
[EventType "team-swiss"]
[EventDate "2020.12.28"]

1. d4 {[%emt 0:00:07]} g6 {[%emt 0:00:02]} 2. c4 {[%emt 0:00:05]} c5 {[%emt
0:00:05]} 3. e3 {[%emt 0:00:06]} b6 {[%emt 0:00:12]} 4. g3 {[%emt 0:00:07]} Bb7
{ [%emt 0:00:03]} 5. Nf3 {[%emt 0:00:01]} Bg7 {[%emt 0:00:07]} 6. Bg2 {[%emt
0:00:02]} Nf6 {[%emt 0:00:02]} 7. Nc3 {[%emt 0:00:09]} Nc6 {[%emt 0:00:07]} 8.
O-O {[%emt 0:00:03]} O-O {[%emt 0:00:03]} 9. d5 {[%emt 0:00:01]} Na5 {[%emt
0:00:15]} 10. b3 {[%emt 0:00:03]} Ne4 {[%emt 0:00:12]} 11. Nxe4 {[%emt
0:00:37]} Bxa1 {[%emt 0:00:09]} 12. Qc2 {[%emt 0:00:49]} Bg7 {[%emt 0:00:12]}
13. Bb2 { [%emt 0:00:02]} e6 {[%emt 0:00:06]} 14. Bxg7 {[%emt 0:00:16]} Kxg7
{[%emt 0:00:04]} 15. Qc3+ {[%emt 0:00:11]} Kh6 {[%emt 0:00:12]} 16. Nf6 {[%emt
0:00:58]} exd5 {[%emt 0:00:11]} 17. Ng4+ {[%emt 0:00:40]} Kh5 {[%emt 0:00:04]}
18. h3 { [%emt 0:01:07]} f5 {[%emt 0:00:16]} 19. Qg7 {[%emt 0:00:27]} Rh8
{[%emt 0:01:24]} 20. Qh6# {[%emt 0:00:03]} 1-0

[Event "DSJ Weihnachtsturnier U16: Steinitz 2020"]
[Site ""]
[Date "2020.12.28"]
[Round "3"]
[White "Ciolacu, Alessia-Mihaela"]
[Black "Burgtorf, Benjamin"]
[Result "1/2-1/2"]
[Termination "normal"]
[Board "2.1"]
[WhiteTitle "WFM"]
[WhiteElo "2052"]
[BlackElo "1773"]
[WhiteTeam "Schachverein Hemer 1932"]
[BlackTeam "SchVgg Blankenese von 1923"]
[PlyCount "54"]
[WhiteFideId "1252640"]
[BlackFideId "16242920"]
[EventRounds "7"]
[EventType "team-swiss"]
[EventDate "2020.12.28"]

1. d4 {[%emt 0:00:11]} Nf6 {[%emt 0:00:05]} 2. Nf3 {[%emt 0:00:02]} g6 { [%emt
0:00:28]} 3. Bg5 {[%emt 0:00:03]} Bg7 {[%emt 0:00:02]} 4. Nbd2 {[%emt 0:00:02]}
d5 {[%emt 0:00:03]} 5. e3 {[%emt 0:00:02]} O-O {[%emt 0:00:18]} 6. Bd3 {[%emt
0:00:04]} Nbd7 {[%emt 0:00:16]} 7. c3 {[%emt 0:00:02]} c5 {[%emt 0:00:01]} 8.
Qe2 {[%emt 0:00:03]} b6 {[%emt 0:00:08]} 9. h4 {[%emt 0:00:10]} h6 { [%emt
0:00:07]} 10. Bf4 {[%emt 0:00:03]} Bb7 {[%emt 0:00:09]} 11. Ne5 {[%emt
0:00:39]} Ne4 {[%emt 0:00:28]} 12. Nxe4 {[%emt 0:02:41]} dxe4 {[%emt 0:00:18]}
13. Bc4 {[%emt 0:00:03]} Nxe5 {[%emt 0:00:06]} 14. dxe5 {[%emt 0:00:04]} Qc8 {
[%emt 0:01:09]} 15. e6 {[%emt 0:00:43]} fxe6 {[%emt 0:00:28]} 16. Qg4 {[%emt
0:00:12]} Bd5 {[%emt 0:00:04]} 17. Be2 {[%emt 0:01:06]} e5 {[%emt 0:00:30]} 18.
Bg3 {[%emt 0:00:19]} Qxg4 {[%emt 0:00:04]} 19. Bxg4 {[%emt 0:00:01]} Kf7 {
[%emt 0:00:24]} 20. h5 {[%emt 0:00:12]} g5 {[%emt 0:00:09]} 21. Bf5 {[%emt
0:00:50]} Rad8 {[%emt 0:01:08]} 22. b3 {[%emt 0:01:00]} Kf6 {[%emt 0:00:36]}
23. Bg6 {[%emt 0:00:12]} c4 {[%emt 0:00:46]} 24. bxc4 {[%emt 0:00:03]} Bxc4 {
[%emt 0:00:01]} 25. Bxe4 {[%emt 0:00:01]} Bd3 {[%emt 0:00:01]} 26. Bb7 { [%emt
0:00:39]} Rd7 {[%emt 0:00:12]} 27. O-O-O {[%emt 0:00:23]} Rfd8 {[%emt 0:00:15]
Blanken1-001 offers a draw} 1/2-1/2

[Event "DSJ Weihnachtsturnier U16: Steinitz 2020"]
[Site ""]
[Date "2020.12.28"]
[Round "3"]
[White "von Rosen, Jakob"]
[Black "Leonard, Timo"]
[Result "0-1"]
[Termination "normal"]
[Board "2.2"]
[WhiteElo "1722"]
[BlackElo "1953"]
[WhiteTeam "SchVgg Blankenese von 1923"]
[BlackTeam "Schachverein Hemer 1932"]
[PlyCount "104"]
[WhiteFideId "12982989"]
[BlackFideId "16208757"]
[EventRounds "7"]
[EventType "team-swiss"]
[EventDate "2020.12.28"]

1. e4 {[%emt 0:00:12]} e5 {[%emt 0:00:12]} 2. Nf3 {[%emt 0:00:02]} Nc6 { [%emt
0:00:02]} 3. Bc4 {[%emt 0:00:01]} Nf6 {[%emt 0:00:04]} 4. d3 {[%emt 0:00:02]}
Bc5 {[%emt 0:00:05]} 5. O-O {[%emt 0:00:01]} O-O {[%emt 0:00:03]} 6. Nbd2
{[%emt 0:00:14]} d6 {[%emt 0:00:27]} 7. c3 {[%emt 0:00:02]} Be6 {[%emt 0:00:12]
} 8. Bb3 {[%emt 0:00:07]} a5 {[%emt 0:00:06]} 9. Re1 {[%emt 0:00:07]} Bxb3 {
[%emt 0:00:53]} 10. Qxb3 {[%emt 0:00:09]} Qd7 {[%emt 0:00:16]} 11. Nf1 { [%emt
0:00:08]} a4 {[%emt 0:00:04]} 12. Qc2 {[%emt 0:00:07]} Ng4 {[%emt 0:00:16]} 13.
d4 {[%emt 0:00:04]} exd4 {[%emt 0:00:08]} 14. cxd4 {[%emt 0:00:02]} Nxd4 {[%emt
0:00:08]} 15. Nxd4 {[%emt 0:00:16]} Bxd4 {[%emt 0:00:03]} 16. Ne3 { [%emt
0:00:02]} c5 {[%emt 0:00:24]} 17. Nxg4 {[%emt 0:00:16]} Qxg4 {[%emt 0:00:02]}
18. Be3 {[%emt 0:00:03]} Be5 {[%emt 0:00:10]} 19. h3 {[%emt 0:00:14]} Qe6
{[%emt 0:01:07]} 20. f4 {[%emt 0:00:28]} Bf6 {[%emt 0:00:02]} 21. f5 {[%emt
0:00:16]} Qe5 {[%emt 0:00:20]} 22. Bd2 {[%emt 0:00:11]} Qxb2 {[%emt 0:00:15]}
23. Qxb2 {[%emt 0:00:00]} Bxb2 {[%emt 0:00:02]} 24. Rab1 {[%emt 0:00:00]} a3 {
[%emt 0:00:08]} 25. Bc1 {[%emt 0:00:10]} Bc3 {[%emt 0:00:46]} 26. Rd1 {[%emt
0:00:06]} Bd4+ {[%emt 0:00:16]} 27. Kf1 {[%emt 0:00:02]} Rfb8 {[%emt 0:00:08]}
28. Rb6 {[%emt 0:00:11]} Be5 {[%emt 0:00:11]} 29. Rd3 {[%emt 0:00:17]} Kf8 {
[%emt 0:00:26]} 30. Bxa3 {[%emt 0:00:18]} Ke7 {[%emt 0:00:08]} 31. Rdb3 { [%emt
0:00:12]} Kd7 {[%emt 0:00:27]} 32. Rxb7+ {[%emt 0:00:10]} Rxb7 {[%emt 0:00:01]}
33. Rxb7+ {[%emt 0:00:01]} Kc6 {[%emt 0:00:01]} 34. Rb3 {[%emt 0:00:02] } c4
{[%emt 0:00:01]} 35. Re3 {[%emt 0:00:11]} c3 {[%emt 0:00:11]} 36. Bb4 { [%emt
0:00:17]} c2 {[%emt 0:00:03]} 37. Re1 {[%emt 0:00:19]} Rxa2 {[%emt 0:00:13]}
38. Bd2 {[%emt 0:00:08]} Kc5 {[%emt 0:00:26]} 39. Ke2 {[%emt 0:00:06]} Kd4
{[%emt 0:00:05]} 40. Rc1 {[%emt 0:00:12]} Kxe4 {[%emt 0:00:13]} 41. g4 { [%emt
0:00:06]} d5 {[%emt 0:00:08]} 42. Be1 {[%emt 0:00:09]} d4 {[%emt 0:00:17] } 43.
Bd2 {[%emt 0:00:15]} d3+ {[%emt 0:00:04]} 44. Kf2 {[%emt 0:00:02]} Bb2 { [%emt
0:00:08]} 45. Re1+ {[%emt 0:00:03]} Kd5 {[%emt 0:00:07]} 46. Ke3 { [%emt
0:00:04]} Kc4 {[%emt 0:00:28]} 47. h4 {[%emt 0:00:23]} Bc3 {[%emt 0:00:14]} 48.
Rc1 {[%emt 0:00:07]} Ra1 {[%emt 0:00:30]} 49. g5 {[%emt 0:00:27]} Bxd2+ {[%emt
0:00:04]} 50. Kxd2 {[%emt 0:00:01]} Rxc1 {[%emt 0:00:01]} 51. Kxc1 {[%emt
0:00:00]} Kc3 {[%emt 0:00:01]} 52. f6 {[%emt 0:00:03]} d2# {[%emt 0:00:02]} 0-1

[Event "DSJ Weihnachtsturnier U16: Steinitz 2020"]
[Site ""]
[Date "2020.12.28"]
[Round "3"]
[White "Poggemann, Alexander"]
[Black "Sell, Eero"]
[Result "0-1"]
[Termination "normal"]
[Board "2.3"]
[WhiteElo "1813"]
[BlackElo "1766"]
[WhiteTeam "Schachverein Hemer 1932"]
[BlackTeam "SchVgg Blankenese von 1923"]
[PlyCount "102"]
[WhiteFideId "16224167"]
[BlackFideId "34606041"]
[EventRounds "7"]
[EventType "team-swiss"]
[EventDate "2020.12.28"]

1. e4 {[%emt 0:00:03] Blanken1-003 reconnected.} e5 {[%emt 0:00:16]} 2. Nf3 {
[%emt 0:00:03]} Nc6 {[%emt 0:00:08]} 3. d4 {[%emt 0:00:03]} exd4 {[%emt
0:00:03]} 4. Nxd4 {[%emt 0:00:01]} Nf6 {[%emt 0:00:03]} 5. Nc3 {[%emt 0:00:07]}
Nxe4 {[%emt 0:00:06]} 6. Nxe4 {[%emt 0:00:07]} Qe7 {[%emt 0:00:01]} 7. Nxc6 {
[%emt 0:00:55]} Qxe4+ {[%emt 0:00:02]} 8. Qe2 {[%emt 0:00:11]} Qxe2+ {[%emt
0:00:03]} 9. Bxe2 {[%emt 0:00:00]} dxc6 {[%emt 0:00:02]} 10. O-O {[%emt
0:00:01]} Bf5 {[%emt 0:00:15]} 11. c3 {[%emt 0:00:12]} O-O-O {[%emt 0:00:03]}
12. Be3 { [%emt 0:00:06]} Bd6 {[%emt 0:00:18]} 13. Rad1 {[%emt 0:00:24]} Rhe8
{[%emt 0:00:13]} 14. Bc4 {[%emt 0:00:11]} Be6 {[%emt 0:00:10]} 15. Bxe6+ {[%emt
0:00:07] } Rxe6 {[%emt 0:00:02]} 16. Bd4 {[%emt 0:00:09]} Be5 {[%emt 0:00:08]}
17. Bxe5 {[%emt 0:00:09]} Rxe5 {[%emt 0:00:02]} 18. Rxd8+ {[%emt 0:00:17]} Kxd8
{ [%emt 0:00:04]} 19. Rd1+ {[%emt 0:00:01]} Ke7 {[%emt 0:00:12]} 20. Kf1 {
[%emt 0:00:04]} c5 {[%emt 0:00:29]} 21. c4 {[%emt 0:00:35]} c6 {[%emt 0:00:21]}
22. f3 {[%emt 0:00:06]} b5 {[%emt 0:00:21]} 23. Rc1 {[%emt 0:00:11]} Kd6 {
[%emt 0:00:14]} 24. Kf2 {[%emt 0:00:03]} Kc7 {[%emt 0:00:20]} 25. Rc2 {[%emt
0:00:06]} Kb6 {[%emt 0:00:05]} 26. Kg3 {[%emt 0:00:06]} bxc4 {[%emt 0:00:11]}
27. Kf4 {[%emt 0:00:28]} Re6 {[%emt 0:00:17]} 28. a4 {[%emt 0:00:12]} Ka5
{[%emt 0:00:46]} 29. Rxc4 {[%emt 0:00:17]} Re2 {[%emt 0:00:03]} 30. Rxc5+
{[%emt 0:00:48]} Kb6 {[%emt 0:00:06]} 31. b4 {[%emt 0:00:07]} Rxg2 {[%emt
0:00:26]} 32. a5+ {[%emt 0:00:03]} Kb7 {[%emt 0:00:04]} 33. Rf5 {[%emt
0:00:34]} f6 {[%emt 0:00:19]} 34. Rh5 {[%emt 0:00:41]} h6 {[%emt 0:00:54]} 35.
b5 {[%emt 0:00:25]} cxb5 {[%emt 0:00:08]} 36. Rxb5+ {[%emt 0:00:02]} Ka6 {[%emt
0:00:01]} 37. Rh5 { [%emt 0:00:04]} Ra2 {[%emt 0:00:07]} 38. h4 {[%emt
0:00:23]} Rxa5 {[%emt 0:00:44]} 39. Kg4 {[%emt 0:00:27]} Rxh5 {[%emt 0:00:15]}
40. Kxh5 {[%emt 0:00:01]} Kb5 {[%emt 0:00:03]} 41. Kg6 {[%emt 0:00:01]} a5
{[%emt 0:00:02]} 42. Kxg7 { [%emt 0:00:01]} a4 {[%emt 0:00:02]} 43. Kxh6 {[%emt
0:00:00]} a3 {[%emt 0:00:02]} 44. Kg6 {[%emt 0:00:03]} a2 {[%emt 0:00:02]} 45.
h5 {[%emt 0:00:01]} a1=Q {[%emt 0:00:02]} 46. h6 {[%emt 0:00:01]} Qg1+ {[%emt
0:00:10]} 47. Kh7 { [%emt 0:00:01]} Kc6 {[%emt 0:00:04]} 48. Kh8 {[%emt
0:00:02]} Kd7 {[%emt 0:00:12]} 49. f4 {[%emt 0:00:01]} Ke7 {[%emt 0:00:10]} 50.
f5 {[%emt 0:00:02]} Kf7 { [%emt 0:00:02]} 51. h7 {[%emt 0:00:01]} Qg7# {[%emt
0:00:02]} 0-1

[Event "DSJ Weihnachtsturnier U16: Steinitz 2020"]
[Site ""]
[Date "2020.12.28"]
[Round "3"]
[White "Tao, Alexander"]
[Black "Becker, Linda"]
[Result "1-0"]
[Termination "normal"]
[Board "2.4"]
[WhiteElo "1630"]
[BlackElo "1763"]
[WhiteTeam "SchVgg Blankenese von 1923"]
[BlackTeam "Schachverein Hemer 1932"]
[PlyCount "27"]
[WhiteFideId "34606033"]
[BlackFideId "16244753"]
[EventRounds "7"]
[EventType "team-swiss"]
[EventDate "2020.12.28"]

1. e4 {[%emt 0:00:07]} e6 {[%emt 0:00:08]} 2. Nf3 {[%emt 0:00:09]} d5 {[%emt
0:00:03]} 3. Nc3 {[%emt 0:00:03]} Nf6 {[%emt 0:00:03]} 4. e5 {[%emt 0:00:02]}
Nfd7 {[%emt 0:00:05]} 5. d4 {[%emt 0:00:01]} a6 {[%emt 0:00:48]} 6. Bf4 { [%emt
0:00:24]} c5 {[%emt 0:00:17]} 7. dxc5 {[%emt 0:00:04]} Bxc5 {[%emt 0:00:04]} 8.
Bd3 {[%emt 0:00:02]} Nc6 {[%emt 0:00:08]} 9. O-O {[%emt 0:00:14]} O-O { [%emt
0:00:14]} 10. Bxh7+ {[%emt 0:02:06]} Kh8 {[%emt 0:00:33]} 11. Ng5 { [%emt
0:01:28]} g6 {[%emt 0:01:35]} 12. Qg4 {[%emt 0:00:41]} f5 {[%emt 0:00:39] } 13.
Qh3 {[%emt 0:00:29]} Kg7 {[%emt 0:00:19]} 14. Nxe6+ {[%emt 0:00:16]} 1-0

[Event "DSJ Weihnachtsturnier U16: Steinitz 2020"]
[Site ""]
[Date "2020.12.28"]
[Round "3"]
[White "Schön, Florian"]
[Black "Yi, Danny"]
[Result "0-1"]
[Termination "normal"]
[Board "3.1"]
[BlackTitle "FM"]
[WhiteElo "1642"]
[BlackElo "2253"]
[WhiteTeam "VfB Schach Leipzig"]
[BlackTeam "SF 59 Kornwestheim"]
[PlyCount "42"]
[WhiteFideId "16259394"]
[BlackFideId "12988588"]
[EventRounds "7"]
[EventType "team-swiss"]
[EventDate "2020.12.28"]

1. e4 {[%emt 0:00:03]} e5 {[%emt 0:00:04]} 2. Nf3 {[%emt 0:00:02]} Nc6 { [%emt
0:00:05]} 3. d4 {[%emt 0:00:01]} exd4 {[%emt 0:00:02]} 4. Bc4 {[%emt 0:00:03]}
Nf6 {[%emt 0:00:04]} 5. O-O {[%emt 0:00:02]} d6 {[%emt 0:00:27]} 6. Nxd4 {[%emt
0:00:06]} Be7 {[%emt 0:00:26] VfBLeip2-001 reconnected.} 7. Nc3 { [%emt
0:00:13]} O-O {[%emt 0:00:07]} 8. f4 {[%emt 0:00:11]} Nxd4 {[%emt 0:01:10]} 9.
Qxd4 {[%emt 0:00:10]} b6 {[%emt 0:00:11]} 10. Be3 {[%emt 0:00:06]} Bb7 {[%emt
0:00:20]} 11. e5 {[%emt 0:01:42]} Ng4 {[%emt 0:00:27]} 12. e6 {[%emt 0:00:50]}
d5 {[%emt 0:00:32]} 13. exf7+ {[%emt 0:00:33]} Kh8 {[%emt 0:00:08]} 14. Bxd5
{[%emt 0:00:52]} Bc5 {[%emt 0:00:27]} 15. Qxc5 {[%emt 0:01:02]} bxc5 { [%emt
0:00:04]} 16. Bxb7 {[%emt 0:00:02]} Nxe3 {[%emt 0:00:46]} 17. Bxa8 { [%emt
0:00:29]} Nxf1 {[%emt 0:00:02]} 18. Bd5 {[%emt 0:00:09]} Ne3 {[%emt 0:00:14]}
19. Be6 {[%emt 0:00:03]} Qf6 {[%emt 0:00:35]} 20. f5 {[%emt 0:00:06]} Nxf5
{[%emt 0:00:07]} 21. Rf1 {[%emt 0:00:03]} Qxe6 {[%emt 0:00:03]} 0-1